[Event "Air Force ch"]
[Site "?"]
[Date "1989.??.??"]
[Round "2"]
[White "Lank, J."]
[Black "Lankey, B."]
[Result "1-0"]
[WhiteElo "2165"]
[BlackElo "2230"]
[PlyCount "81"]
[EventDate "1989.??.??"]

1. e4 e6 2. d3 c5 3. Nf3 Nc6 4. g3 g6 5. Bg2 Bg7 6. O-O Nge7 7. c3 d5 8. Nbd2
O-O 9. Re1 b6 10. Nf1 e5 11. Bd2 Bb7 12. Qc1 Ba6 13. Qc2 Rc8 14. Rad1 h6 15. h3
f5 16. exd5 Nxd5 17. Qa4 Bxd3 18. Bxh6 e4 19. Bg5 Bf6 20. Bxf6 Qxf6 21. Rxd3
exd3 22. Qc4 Rcd8 23. Ng5 Qxg5 24. Bxd5+ Kg7 25. Bxc6 d2 26. Rd1 f4 27. g4 Rh8
28. Rxd2 Rxd2 29. Nxd2 Rxh3 30. Qe6 Rd3 31. Ne4 Rd1+ 32. Kg2 Qh4 33. Qe5+ Kf8
34. Qxf4+ Kg7 35. Ng3 Qe7 36. Be4 Ra1 37. a3 a5 38. g5 Rd1 39. Qh4 Rd6 40. Qh6+
Kg8 41. Bxg6 1-0

[Event "Air Force ch"]
[Site "?"]
[Date "1988.??.??"]
[Round "8"]
[White "Forsythe, S."]
[Black "Waldowski, P."]
[Result "0-1"]
[WhiteElo "2040"]
[BlackElo "2120"]
[PlyCount "82"]
[EventDate "1988.??.??"]

1. d4 Nf6 2. Nf3 c5 3. e3 g6 4. Bd3 Bg7 5. Nbd2 cxd4 6. exd4 Nc6 7. c3 O-O 8.
O-O d6 9. Re1 Qc7 10. h3 Bd7 11. Nf1 e5 12. dxe5 dxe5 13. Ng3 h6 14. Ne4 Nxe4
15. Bxe4 Rad8 16. Qc2 Ne7 17. Be3 Kh7 18. Qb3 Be6 19. Qa4 b6 20. Rad1 Nd5 21.
Bxd5 Bxd5 22. Qh4 Bxf3 23. gxf3 f5 24. f4 e4 25. Kh1 Rd3 26. Rg1 Rfd8 27. Rde1
Qf7 28. Qg3 Bf6 29. h4 Rg8 30. a3 Qe7 31. h5 g5 32. fxg5 hxg5 33. Qh3 Qd7 34.
Qg2 Qf7 35. Qh2 Kh6 36. Kg2 Qxh5 37. Rh1 Qxh2+ 38. Rxh2+ Kg6 39. Reh1 f4 40.
Bc1 f3+ 41. Kh3 Kf5 0-1

[Event "Air Force ch"]
[Site "?"]
[Date "1988.??.??"]
[Round "2"]
[White "Echaure, S."]
[Black "Barcarola, L."]
[Result "1/2-1/2"]
[WhiteElo "2075"]
[BlackElo "2155"]
[PlyCount "81"]
[EventDate "1988.??.??"]

1. Nf3 Nf6 2. c4 e6 3. Nc3 d5 4. cxd5 exd5 5. d4 b6 6. e3 Bb7 7. Bd3 Nbd7 8.
O-O Be7 9. Re1 c5 10. e4 dxe4 11. Nxe4 O-O 12. Ng3 Re8 13. Bg5 Bxf3 14. Qxf3
cxd4 15. Nf5 Bc5 16. Qg3 g6 17. Nh6+ Kg7 18. Qh4 Be7 19. Qxd4 Nc5 20. Qxd8
Raxd8 21. Bb5 Nfe4 22. Be3 Rf8 23. Ng4 Bg5 24. Bxg5 Nxg5 25. Re7 a6 26. Bf1 Rd2
27. b4 Nce6 28. Bxa6 h5 29. Ne3 h4 30. h3 Rfd8 31. Bc4 Kf8 32. Rb7 R8d6 33. Bb3
Nd4 34. Nc4 Nxb3 35. axb3 Rd1+ 36. Kh2 Rxa1 37. Nxd6 Ra2 38. Kg1 Ra1+ 39. Kh2
Ra2 40. Kg1 Ra1+ 41. Kh2 1/2-1/2

[Event "1991 Armed Forces Ch"]
[Site "?"]
[Date "1991.??.??"]
[Round "3"]
[White "Crook, C."]
[Black "Lankey, B."]
[Result "1-0"]
[WhiteElo "2125"]
[BlackElo "2185"]
[PlyCount "81"]
[EventDate "1991.??.??"]

1. Nc3 d5 2. f4 Nf6 3. d3 Nc6 4. Nf3 Bg4 5. e3 e6 6. Be2 Be7 7. Bd2 a6 8. a4
O-O 9. O-O Bc5 10. d4 Bd6 11. h3 Bh5 12. g4 Bg6 13. Ne5 Ne4 14. Nxg6 Nxc3 15.
Bxc3 hxg6 16. Be1 Ne7 17. b4 c6 18. Kg2 Re8 19. Bd3 f6 20. Qf3 f5 21. c3 Kf7
22. Bh4 Qd7 23. Rg1 Ng8 24. Kh1 Be7 25. Bxe7 Nxe7 26. a5 Rh8 27. Kg2 Ng8 28.
Kf2 Qe7 29. Rg3 Rh7 30. Rag1 Nf6 31. gxf5 gxf5 32. Qg2 Rg8 33. Rg5 Ne4+ 34.
Bxe4 dxe4 35. Rxf5+ exf5 36. Qg6+ Kf8 37. Qxf5+ Qf7 38. Qxh7 Qe6 39. Rg5 g6 40.
Re5 Qa2+ 41. Kg3 1-0

[Event "Air Force ch"]
[Site "?"]
[Date "1987.??.??"]
[Round "11"]
[White "Tate, E."]
[Black "Moore, B."]
[Result "1/2-1/2"]
[WhiteElo "2380"]
[BlackElo "2275"]
[PlyCount "84"]
[EventDate "1987.??.??"]

1. e4 c5 2. Nf3 d6 3. d4 cxd4 4. Nxd4 Nf6 5. Nc3 a6 6. Be3 e5 7. Nb3 Be6 8. Qd2
Nbd7 9. f3 b5 10. O-O-O Nb6 11. Qf2 Nfd7 12. Kb1 Be7 13. h4 b4 14. Nd5 Bxd5 15.
exd5 a5 16. Bb5 O-O 17. Bc6 a4 18. Bxa8 axb3 19. Bc6 bxa2+ 20. Kxa2 Nc4 21. Ra1
Nxe3 22. Qxe3 Nc5 23. Kb1 Bf6 24. Ra8 Qe7 25. Rxf8+ Kxf8 26. g4 g6 27. g5 Bg7
28. Qd2 b3 29. cxb3 e4 30. Re1 f5 31. gxf6 Qxf6 32. fxe4 Nxb3 33. Qg2 Kg8 34.
Ka2 Nc5 35. h5 Nd3 36. Re3 Qd4 37. Rxd3 Qxd3 38. hxg6 hxg6 39. Bd7 Qc4+ 40. Kb1
Qd3+ 41. Qc2 Qf1+ 42. Ka2 Be5 1/2-1/2

[Event "Air Force ch"]
[Site "?"]
[Date "1991.??.??"]
[Round "5"]
[White "Smith, B."]
[Black "Waldowski, P."]
[Result "0-1"]
[WhiteElo "1815"]
[BlackElo "2180"]
[PlyCount "84"]
[EventDate "1991.??.??"]

1. d4 d5 2. c4 e6 3. Nc3 c5 4. Nf3 Nc6 5. cxd5 exd5 6. e3 Nf6 7. Be2 Be7 8. O-O
O-O 9. a3 b6 10. Qa4 Bd7 11. Bb5 Qc7 12. Bxc6 Bxc6 13. Qc2 Bd6 14. h3 Rac8 15.
dxc5 bxc5 16. Rd1 Qe7 17. Qe2 Rfe8 18. Nb5 Bb8 19. Qf1 Bb7 20. Bd2 Ne4 21. Ba5
Rc6 22. Nc3 Nxc3 23. Bxc3 Rg6 24. Kh1 d4 25. exd4 Bxf3 26. Re1 Be4 27. f3 Qc7
28. Qg1 cxd4 29. Bxd4 Bc6 30. Rxe8+ Bxe8 31. Rc1 Rc6 32. Bc3 Bd7 33. Re1 Re6
34. Rc1 Qf4 35. Rd1 Bc6 36. Rd4 Qc7 37. Bd2 Qb6 38. Bc3 Be5 39. Rc4 Qxg1+ 40.
Kxg1 Bxc3 41. Rxc3 Kf8 42. Kf2 Ke7 0-1

[Event "Air Force ch"]
[Site "?"]
[Date "1989.??.??"]
[Round "4"]
[White "Shown, E."]
[Black "Lankey, B."]
[Result "0-1"]
[WhiteElo "1990"]
[BlackElo "2230"]
[PlyCount "84"]
[EventDate "1989.??.??"]

1. e4 e6 2. d4 a6 3. Nf3 b5 4. Be3 Bb7 5. Bd3 Nf6 6. Nbd2 Be7 7. O-O d6 8. a4
b4 9. Qe2 Nbd7 10. c4 Ng4 11. h3 Nxe3 12. fxe3 Bf6 13. Rab1 c5 14. Qf2 Qc7 15.
Nh2 h5 16. Nb3 O-O-O 17. Nf3 Rh6 18. Nfd2 e5 19. d5 Rg8 20. Be2 Kb8 21. Nf3 Qd8
22. g3 Bc8 23. Nh2 Nf8 24. Qg2 Rgh8 25. Nf3 Bd7 26. Nbd2 Qc8 27. Kh2 g5 28. Ne1
Qd8 29. Nd3 g4 30. h4 Bxh4 31. Rxf7 Bf6 32. Rf1 h4 33. Kg1 Be8 34. R7xf6 Rxf6
35. Bxg4 Rg6 36. Qe2 Qg5 37. Nb3 Qxg4 38. Qxg4 Rxg4 39. Nd2 Rxg3+ 40. Kf2 Nd7
41. Rh1 Rf8+ 42. Ke2 Bh5+ 0-1

[Event "1991 Armed Forces Ch"]
[Site "?"]
[Date "1991.??.??"]
[Round "1"]
[White "Rea, A."]
[Black "Lacno, D."]
[Result "1/2-1/2"]
[WhiteElo "2150"]
[BlackElo "2065"]
[PlyCount "83"]
[EventDate "1991.??.??"]

1. c4 d6 2. Nc3 g6 3. d4 Bg7 4. e4 Nf6 5. Nf3 O-O 6. Be2 e5 7. O-O exd4 8. Nxd4
Re8 9. f3 Nbd7 10. Be3 Nc5 11. Qd2 a5 12. Nb3 Ne6 13. Nd5 a4 14. Nd4 Bd7 15.
Rac1 c5 16. Nc2 Rb8 17. b4 axb3 18. axb3 Nxd5 19. cxd5 Nc7 20. b4 b6 21. Rb1
Qe7 22. bxc5 bxc5 23. Bxc5 dxc5 24. d6 Qe5 25. dxc7 Qxc7 26. Bc4 Red8 27. Qe2
Qa5 28. Ne3 Be6 29. Nd5 Bxd5 30. Bxd5 Rb4 31. Rxb4 cxb4 32. Qc4 Qa7+ 33. Kh1
Rb8 34. Qb3 Bc3 35. Rd1 Kg7 36. Qc2 Rd8 37. Bb3 Qe3 38. Bd5 h5 39. Qc1 Qe2 40.
Rf1 h4 41. Qd1 Qe3 42. Qc1 1/2-1/2

[Event "Air Force ch"]
[Site "?"]
[Date "1989.??.??"]
[Round "7"]
[White "Moore, B."]
[Black "Wilson, A."]
[Result "0-1"]
[WhiteElo "2265"]
[BlackElo "2130"]
[PlyCount "84"]
[EventDate "1989.??.??"]

1. e4 e6 2. d4 d5 3. Nd2 Nf6 4. e5 Nfd7 5. Bd3 c5 6. c3 Nc6 7. Ngf3 cxd4 8.
cxd4 f5 9. exf6 Nxf6 10. O-O Bd6 11. b3 O-O 12. Bb2 Qb6 13. Rc1 Bd7 14. Qe2 a6
15. Rfe1 Rae8 16. Bb1 e5 17. dxe5 Ng4 18. Qd3 Qxf2+ 19. Kh1 Qxe1+ 20. Rxe1 Nf2+
21. Kg1 Nxd3 22. Bxd3 Bb4 23. Re2 Bg4 24. h3 Bh5 25. g4 Bxd2 26. Nxd2 Bg6 27.
Bxg6 hxg6 28. Kg2 Rf4 29. Kg3 g5 30. h4 Nd4 31. Re3 Ne6 32. hxg5 Kf7 33. Rd3
Rd8 34. Nc4 Rxc4 35. bxc4 dxc4 36. Rxd8 Nxd8 37. Kf3 b5 38. Ke4 Ke6 39. Kd4
Nc6+ 40. Kc5 Nxe5 41. Bc3 Nd3+ 42. Kb6 b4 0-1

[Event "1991 Armed Forces Ch"]
[Site "?"]
[Date "1991.??.??"]
[Round "3"]
[White "Langreck, J."]
[Black "Moore, B."]
[Result "0-1"]
[WhiteElo "2040"]
[BlackElo "2275"]
[PlyCount "84"]
[EventDate "1991.??.??"]

1. e4 c5 2. Nf3 d6 3. d4 cxd4 4. Nxd4 Nf6 5. Nc3 a6 6. Be2 e5 7. Nb3 Be7 8. O-O
Be6 9. Be3 Nbd7 10. a4 O-O 11. a5 Rc8 12. Qd2 Re8 13. Rfd1 Qc7 14. Nc1 Red8 15.
Bf3 Nc5 16. Qe1 Qc6 17. Nd5 Bxd5 18. exd5 Qd7 19. c4 e4 20. Be2 Qf5 21. b4 Ncd7
22. Nb3 Ne5 23. Nd4 Qg6 24. h3 Nxc4 25. Nc6 bxc6 26. Bxc4 Nxd5 27. Bxd5 cxd5
28. Rxd5 Qe6 29. Rad1 Rc4 30. Bc5 Rc1 31. Bb6 Rxd1 32. Qxd1 Rc8 33. Qd2 h6 34.
Rd4 Bg5 35. Qe2 Rc1+ 36. Kh2 Qe5+ 37. g3 d5 38. f4 Bxf4 39. gxf4 Qxf4+ 40. Kg2
Qg5+ 41. Qg4 Rc2+ 42. Kh1 Qe5 0-1

[Event "1990 Army ch"]
[Site "?"]
[Date "1990.??.??"]
[Round "4"]
[White "Highley, E."]
[Black "Whitten, J."]
[Result "1-0"]
[WhiteElo "1800"]
[BlackElo "2075"]
[PlyCount "83"]
[EventDate "1990.??.??"]

1. e4 e5 2. Nf3 Nc6 3. d4 exd4 4. Nxd4 Nf6 5. Nxc6 bxc6 6. Bd3 d5 7. e5 Ng4 8.
O-O Bc5 9. Qe2 Qh4 10. h3 Qg3 11. hxg4 Bxg4 12. Qd2 Rb8 13. Qf4 Qxf4 14. Bxf4
Rxb2 15. Nd2 Rb4 16. Nb3 Be7 17. Be3 O-O 18. Bxa7 Ra8 19. Bc5 Bxc5 20. Nxc5 g6
21. a4 Ra5 22. Nb3 Raxa4 23. Rxa4 Rxa4 24. Ra1 Rxa1+ 25. Nxa1 c5 26. c4 Be6 27.
cxd5 Bxd5 28. Nc2 c4 29. Ne3 Bxg2 30. Bxc4 Bf3 31. Kh2 h5 32. Kg3 Bb7 33. Nd5
Bxd5 34. Bxd5 g5 35. f4 h4+ 36. Kg4 gxf4 37. Kxh4 f3 38. Kg3 Kf8 39. Kxf3 Ke7
40. Ke4 Ke8 41. Kf5 Ke7 42. Bc6 1-0

[Event "1990 Armed Forces ch"]
[Site "?"]
[Date "1990.??.??"]
[Round "4"]
[White "Thrasher, C."]
[Black "Whitten, J."]
[Result "0-1"]
[WhiteElo "2015"]
[BlackElo "2075"]
[PlyCount "86"]
[EventDate "1990.??.??"]

1. b4 e5 2. b5 d5 3. Bb2 Bd6 4. e3 Nf6 5. c4 c6 6. cxd5 cxd5 7. Nf3 Bg4 8. Be2
e4 9. Nd4 Bxe2 10. Qxe2 g6 11. f4 Nbd7 12. Nb3 O-O 13. Bd4 a5 14. a4 Rc8 15.
Nc3 Nc5 16. Nc1 Re8 17. Qf2 Ne6 18. N1e2 Bc5 19. Bxc5 Nxc5 20. O-O Nh5 21. Nd4
Nd3 22. Qe2 Rc4 23. Qg4 Qd6 24. Nf5 Qc5 25. Nh6+ Kg7 26. Nf5+ Kh8 27. Ng3 Nxg3
28. Qxg3 d4 29. Ne2 dxe3 30. dxe3 Rb4 31. Nd4 Rxd4 32. exd4 Qxd4+ 33. Kh1 e3
34. h3 e2 35. Rfe1 Nxe1 36. Rxe1 Re3 37. Qg5 Qd1 38. Qh4 Qxa4 39. Qd8+ Kg7 40.
Qd2 Qe4 41. Kg1 a4 42. Qb2+ f6 43. g4 Rg3+ 0-1

[Event "1990 Armed Forces ch"]
[Site "?"]
[Date "1990.??.??"]
[Round "4"]
[White "Murillo, M."]
[Black "Regensberg, W."]
[Result "1/2-1/2"]
[WhiteElo "2230"]
[BlackElo "2125"]
[PlyCount "85"]
[EventDate "1990.??.??"]

1. d4 e6 2. c4 d5 3. Nc3 Nf6 4. Bg5 Be7 5. e3 O-O 6. Qc2 h6 7. Bxf6 Bxf6 8. Nf3
c5 9. O-O-O Qa5 10. Kb1 Nc6 11. a3 cxd4 12. exd4 dxc4 13. Bxc4 Rd8 14. Qe4 Qf5
15. Qxf5 exf5 16. Nd5 Rd6 17. Nc7 Rb8 18. Ne8 Rd8 19. Nxf6+ gxf6 20. Rhe1 b5
21. Bb3 b4 22. a4 Na5 23. Bc2 b3 24. Bd3 Bd7 25. d5 Rb4 26. Re7 Bxa4 27. Bxf5
Rf4 28. Bh3 a6 29. Rc7 Rc4 30. Rxc4 Nxc4 31. Rd4 Bb5 32. Kc1 Ne5 33. Kd2 Nxf3+
34. gxf3 a5 35. Kc3 a4 36. Kb4 Be8 37. Kc5 Rb8 38. Rb4 Rxb4 39. Kxb4 Kf8 40. d6
Bc6 41. Kc5 Bxf3 42. Bd7 a3 43. bxa3 1/2-1/2

[Event "1991 Armed Forces Ch"]
[Site "?"]
[Date "1991.??.??"]
[Round "9"]
[White "McQueen, R."]
[Black "Barcarola, L."]
[Result "1-0"]
[WhiteElo "1875"]
[BlackElo "2160"]
[PlyCount "85"]
[EventDate "1991.??.??"]

1. c4 Nf6 2. Nc3 e6 3. g3 d5 4. d4 c6 5. e3 Be7 6. Nf3 Nbd7 7. b3 b6 8. cxd5
cxd5 9. Bd3 Bb7 10. O-O O-O 11. Bb2 Rc8 12. Re1 Ne4 13. Bxe4 dxe4 14. Nd2 f5
15. Ne2 Bf6 16. Nf4 Re8 17. Nc4 Nf8 18. Ba3 Be7 19. Bxe7 Rxe7 20. h4 Rec7 21.
Qd2 Ba6 22. Na3 e5 23. Ne2 Ne6 24. Red1 Qd6 25. Nc4 Bxc4 26. bxc4 Rxc4 27. dxe5
Qxe5 28. Rac1 Rxc1 29. Rxc1 Rxc1+ 30. Qxc1 Nc5 31. Nf4 g6 32. Kg2 Kg7 33. Qc4
h6 34. h5 g5 35. Ng6 Qe6 36. Qd4+ Qf6 37. Qd5 Ne6 38. Qa8 Nf8 39. Qxa7+ Qf7 40.
Qxb6 Qxa2 41. Nxf8 Kxf8 42. Qxh6+ Kf7 43. Qg6+ 1-0

[Event "1990 Army ch"]
[Site "?"]
[Date "1990.??.??"]
[Round "1"]
[White "Highley, E."]
[Black "Rea, A."]
[Result "0-1"]
[WhiteElo "1800"]
[BlackElo "2145"]
[PlyCount "86"]
[EventDate "1990.??.??"]

1. e4 Nf6 2. e5 Nd5 3. d4 d6 4. c4 Nb6 5. f4 dxe5 6. fxe5 Bf5 7. Be3 e6 8. Nc3
Nc6 9. Nf3 Qd7 10. Be2 O-O-O 11. O-O f6 12. c5 Nd5 13. Nxd5 Qxd5 14. Bb5 Nxe5
15. Kh1 Nxf3 16. Qxf3 Qxf3 17. Rxf3 Be4 18. Rff1 c6 19. Be2 Be7 20. Bf3 Bxf3
21. Rxf3 Rd5 22. Rc1 Rhd8 23. Kg1 e5 24. dxe5 Rxe5 25. b4 Rd3 26. Bf4 Rxf3 27.
Bxe5 Ra3 28. Bg3 Rxa2 29. Re1 Bd8 30. Re8 Rd2 31. Bd6 Rd4 32. Be7 Rd7 33. Bd6
b6 34. Kf2 Kb7 35. Re2 Bc7 36. Bxc7 Kxc7 37. cxb6+ axb6 38. Re4 f5 39. Re2 g6
40. Kf3 Rd3+ 41. Kf4 Rd4+ 42. Kg5 Rxb4 43. Kh6 Rh4+ 0-1

[Event "1991 Armed Forces Ch"]
[Site "?"]
[Date "1991.??.??"]
[Round "2"]
[White "Felsen, A."]
[Black "Moore, B."]
[Result "0-1"]
[WhiteElo "1975"]
[BlackElo "2275"]
[PlyCount "86"]
[EventDate "1991.??.??"]

1. e4 c5 2. Nf3 d6 3. g3 Nc6 4. Bg2 g6 5. O-O Bg7 6. c3 e5 7. d3 Nf6 8. Nbd2
O-O 9. a4 h6 10. Nc4 Be6 11. Qe2 Qd7 12. Re1 b6 13. Nh4 Rab8 14. f4 exf4 15.
gxf4 Rfe8 16. Qf3 d5 17. Ne3 dxe4 18. dxe4 Ne7 19. Rd1 Qc7 20. e5 Nd7 21. Qg3
g5 22. Ng4 gxh4 23. Qxh4 Nf5 24. Qh5 Qd8 25. Bc6 Qh4 26. Qxh4 Nxh4 27. Bxd7
Red8 28. f5 Bxd7 29. e6 fxe6 30. f6 Bf8 31. Bxh6 Bxh6 32. Nxh6+ Kf8 33. Kf2 Nf5
34. Rg1 Nxh6 35. Rg7 e5 36. Rag1 Ng4+ 37. Ke1 Nxf6 38. h4 Bg4 39. Rxa7 Rd1+ 40.
Kf2 Ne4+ 41. Kg2 Rd2+ 42. Kf1 Bf3 43. Rgg7 Rd1# 0-1

[Event "1991 Armed Forces Ch"]
[Site "?"]
[Date "1991.??.??"]
[Round "2"]
[White "Crook, C."]
[Black "Hughes, A."]
[Result "0-1"]
[WhiteElo "2125"]
[BlackElo "2085"]
[PlyCount "86"]
[EventDate "1991.??.??"]

1. f4 g6 2. Nf3 Bg7 3. g3 Nc6 4. Bg2 d6 5. Nc3 e5 6. d3 Nge7 7. fxe5 dxe5 8.
O-O O-O 9. Bg5 f6 10. Bd2 Be6 11. Qc1 Nf5 12. e4 Nfd4 13. Rf2 Nxf3+ 14. Bxf3
Nd4 15. Bg2 c6 16. Bh6 Rf7 17. Bxg7 Kxg7 18. Qe3 Qd6 19. Re1 Rd8 20. Nd1 Bxa2
21. c3 Nb5 22. c4 Nd4 23. Bh3 Bb3 24. Qc1 Bxd1 25. c5 Qe7 26. Rxd1 Nb3 27. Qc4
Nxc5 28. b4 Na6 29. Be6 Rff8 30. b5 cxb5 31. Qa2 Nc7 32. Bh3 Qc5 33. Kg2 Rd4
34. Rc2 Qb6 35. Rdc1 Rf7 36. Ra1 Ra4 37. Qb2 Rxa1 38. Qxa1 b4 39. Qc1 Nb5 40.
Rc8 Rc7 41. Qb2 Rxc8 42. Bxc8 Nd4 43. Qa2 Qc5 0-1

[Event "Air Force ch"]
[Site "?"]
[Date "1989.??.??"]
[Round "3"]
[White "Burden, J."]
[Black "Shown, E."]
[Result "0-1"]
[WhiteElo "2030"]
[BlackElo "1990"]
[PlyCount "86"]
[EventDate "1989.??.??"]

1. Nf3 Nf6 2. g3 c5 3. Bg2 Nc6 4. O-O d5 5. d3 g6 6. Nbd2 Bg7 7. e4 e6 8. Re1
O-O 9. c3 Nd7 10. Nf1 d4 11. c4 e5 12. h4 Nf6 13. N1h2 Rb8 14. a3 a6 15. Bg5 b5
16. b3 Be6 17. Qc2 Qd6 18. Nxe5 Nxe5 19. f4 Nfg4 20. fxe5 Bxe5 21. Nxg4 Bxg4
22. cxb5 Rxb5 23. a4 Rb6 24. Rac1 Rc8 25. Rf1 f6 26. Bf4 Be6 27. Rb1 Rcb8 28.
Rbc1 Rc8 29. Rb1 Kg7 30. Rb2 Rcb8 31. Rfb1 h6 32. Qd2 Bxf4 33. gxf4 Rxb3 34.
Rxb3 Rxb3 35. Rxb3 Bxb3 36. a5 c4 37. dxc4 Bxc4 38. Kf2 Qc5 39. Bf3 d3+ 40. Kg3
Bb5 41. Bd1 Qg1+ 42. Kf3 h5 43. e5 Bc6# 0-1

[Event "Air Force ch"]
[Site "?"]
[Date "1992.??.??"]
[Round "5"]
[White "Wilson, E."]
[Black "Waldowski, P."]
[Result "1/2-1/2"]
[WhiteElo "2205"]
[BlackElo "2135"]
[PlyCount "87"]
[EventDate "1992.??.??"]

1. d4 d5 2. c4 e6 3. cxd5 exd5 4. Nc3 Nf6 5. Bg5 Be7 6. Qc2 h6 7. Bh4 O-O 8. e3
Re8 9. Bd3 c5 10. dxc5 Nc6 11. O-O-O Nb4 12. Qd2 Nxd3+ 13. Qxd3 Be6 14. Nge2
Rc8 15. Kb1 Rxc5 16. Nd4 Qd7 17. f3 Rec8 18. Rc1 a6 19. Bf2 b5 20. g4 Qb7 21.
h4 Nd7 22. Bg3 b4 23. Nce2 Rxc1+ 24. Nxc1 Nc5 25. Qd2 Bd7 26. Nd3 Na4 27. Nf4
Rc5 28. g5 Qb6 29. Nd3 Rc8 30. Nf4 hxg5 31. hxg5 Bxg5 32. Qh2 Bh6 33. Nxd5 Qg6+
34. e4 Re8 35. Bd6 Rxe4 36. fxe4 Qxe4+ 37. Nc2 Qxd5 38. Bxb4 Be6 39. b3 a5 40.
Be7 Nc3+ 41. Kb2 Nd1+ 42. Kb1 Nc3+ 43. Kb2 Nd1+ 44. Kb1 1/2-1/2

[Event "Air Force ch"]
[Site "?"]
[Date "1988.??.??"]
[Round "4"]
[White "Wilson, A."]
[Black "Waldowski, P."]
[Result "1-0"]
[WhiteElo "2080"]
[BlackElo "2120"]
[PlyCount "87"]
[EventDate "1988.??.??"]

1. d4 d5 2. c4 e6 3. Nc3 c5 4. cxd5 cxd4 5. Qa4+ Bd7 6. Qxd4 exd5 7. Qxd5 Nc6
8. Nf3 Nf6 9. Qd1 Bc5 10. e3 Qe7 11. Be2 O-O-O 12. Bd2 Kb8 13. O-O Rhg8 14. a3
g5 15. b4 Bb6 16. b5 Ne5 17. a4 Nxf3+ 18. Bxf3 g4 19. Be2 Qe5 20. a5 Bc7 21. g3
h5 22. b6 axb6 23. axb6 Bd6 24. Qb3 Bc6 25. Bb5 Qe8 26. Qa4 Kc8 27. Rfc1 Bxg3
28. hxg3 Rxd2 29. Qa8+ Kd7 30. Qxb7+ Kd6 31. Qxc6+ Qxc6 32. Bxc6 h4 33. Nb5+
Ke7 34. Rd1 Rb2 35. b7 hxg3 36. Ra8 gxf2+ 37. Kf1 Nh5 38. Kg2 f1=Q+ 39. Kxf1
Ng3+ 40. Kg1 Ne2+ 41. Kg2 Nd4+ 42. Kf1 Nxc6 43. Rxg8 Rxb5 44. Rc8 1-0

[Event "1991 Armed Forces Ch"]
[Site "?"]
[Date "1991.??.??"]
[Round "9"]
[White "Smithwick, J."]
[Black "Lane, P."]
[Result "0-1"]
[WhiteElo "2170"]
[BlackElo "2105"]
[PlyCount "88"]
[EventDate "1991.??.??"]

1. b3 e5 2. Bb2 d6 3. e3 Nf6 4. c4 g6 5. g3 Bg7 6. Bg2 O-O 7. Nc3 c6 8. Nge2 d5
9. d4 e4 10. Nf4 Re8 11. h3 Be6 12. c5 Na6 13. a3 h5 14. b4 Nc7 15. a4 a6 16.
Bf1 Bd7 17. Qb3 Nh7 18. a5 h4 19. O-O-O Ne6 20. Nfxd5 cxd5 21. Nxd5 hxg3 22.
fxg3 Rc8 23. Kb1 Ba4 24. Qxa4 Qxd5 25. Qc2 Nf6 26. h4 Nc7 27. Bh3 Rcd8 28. g4
Qc6 29. Bc3 Nb5 30. Bb2 Nd5 31. Qb3 Nbc7 32. Bf1 Qf6 33. Bc1 Qe6 34. g5 Nb5 35.
Bxb5 axb5 36. h5 gxh5 37. Rxh5 Qg6 38. Rdh1 Re6 39. Qb2 Qf5 40. Qh2 Kf8 41. g6
Qxg6 42. Rg1 Qf6 43. Rh7 Bh6 44. Rh1 Bg7 0-1

[Event "1991 Armed Forces Ch"]
[Site "?"]
[Date "1991.??.??"]
[Round "5"]
[White "Lane, P."]
[Black "Waldowski, P."]
[Result "0-1"]
[WhiteElo "2105"]
[BlackElo "2180"]
[PlyCount "88"]
[EventDate "1991.??.??"]

1. e4 c5 2. Nf3 d6 3. d4 cxd4 4. Qxd4 Nc6 5. Bb5 Bd7 6. Bxc6 Bxc6 7. Nc3 Nf6 8.
Bg5 h6 9. Bh4 Qa5 10. O-O-O g5 11. Bg3 Bg7 12. Nd5 Bxd5 13. exd5 Qxa2 14. Rhe1
O-O 15. Rd3 Rac8 16. Ra3 Qxd5 17. Qxd5 Nxd5 18. Rxa7 Rc7 19. Kb1 Rfc8 20. c3 b5
21. Rxc7 Rxc7 22. Nd2 f5 23. f3 Kf7 24. h4 Nb6 25. hxg5 hxg5 26. Re2 Nc4 27.
Nb3 e5 28. Bf2 Rb7 29. g4 fxg4 30. fxg4 b4 31. Kc2 bxc3 32. Kxc3 d5 33. Nc5 Rb5
34. b4 Ke7 35. Ra2 e4+ 36. Bd4 Bxd4+ 37. Kxd4 Nb6 38. Ra7+ Kf6 39. Ra6 Rxb4+
40. Ke3 Ke7 41. Ra7+ Kd6 42. Nb7+ Ke5 43. Nd8 Nc4+ 44. Ke2 Rb2+ 0-1

[Event "1991 Armed Forces Ch"]
[Site "?"]
[Date "1991.??.??"]
[Round "3"]
[White "Lacno, D."]
[Black "Regensberg, W."]
[Result "1-0"]
[WhiteElo "2065"]
[BlackElo "2170"]
[PlyCount "87"]
[EventDate "1991.??.??"]

1. e4 e6 2. d4 d5 3. Nd2 Nf6 4. e5 Nfd7 5. Ngf3 b6 6. Bd3 Ba6 7. Qe2 Bxd3 8.
Qxd3 c5 9. c3 Nc6 10. O-O cxd4 11. cxd4 Nb4 12. Qe2 a6 13. Nb3 Be7 14. Bd2 O-O
15. a3 Nc6 16. Rac1 Qc8 17. Rc3 Qb7 18. Ng5 Bxg5 19. Bxg5 Rfc8 20. Qh5 Nf8 21.
Rg3 Ne7 22. Bxe7 Qxe7 23. Qg4 g6 24. f4 Rc2 25. f5 exf5 26. Qxf5 Rxb2 27. Qh3
Rc2 28. Rgf3 Rac8 29. Rxf7 Qxf7 30. Rxf7 Kxf7 31. Nc5 Rc1+ 32. Kf2 Rc7 33. Nd3
R1c2+ 34. Ke3 Ke8 35. Qf3 R7c3 36. Qxd5 Rxa3 37. Ke4 Rcc3 38. Qa8+ Ke7 39. Qb7+
Nd7 40. Nb4 Ke8 41. Nc6 Nc5+ 42. dxc5 Ra4+ 43. Kd5 Rd3+ 44. Ke6 1-0

[Event "1991 Armed Forces Ch"]
[Site "?"]
[Date "1991.??.??"]
[Round "10"]
[White "Felsen, A."]
[Black "McQueen, R."]
[Result "0-1"]
[WhiteElo "1975"]
[BlackElo "1875"]
[PlyCount "88"]
[EventDate "1991.??.??"]

1. e4 c5 2. Nf3 d6 3. g3 Nc6 4. Bg2 Nf6 5. d3 g6 6. O-O Bg7 7. c3 O-O 8. Nbd2
Bd7 9. a4 a6 10. Nc4 b5 11. axb5 axb5 12. Rxa8 Qxa8 13. Nb6 Qa6 14. Nxd7 Nxd7
15. Nh4 b4 16. Qc2 Rb8 17. f4 Na7 18. f5 Nc6 19. fxg6 hxg6 20. Nf3 Qa2 21. c4
Nd4 22. Nxd4 Bxd4+ 23. Kh1 Kg7 24. Re1 Ne5 25. Re2 b3 26. Qd2 Rh8 27. Qd1 Ng4
28. h3 Nf2+ 29. Rxf2 Bxf2 30. Kh2 Bd4 31. Qd2 Qb1 32. Bf3 Qc2 33. Bd1 Qxd2+ 34.
Bxd2 Bxb2 35. Bxb3 Rb8 36. Ba4 Be5 37. Bf4 Rb2+ 38. Kg1 Bxf4 39. gxf4 Rd2 40.
Bc6 Rxd3 41. h4 Rd4 42. Kf2 Rxc4 43. Kg3 Rd4 44. Kg4 c4 0-1

[Event "1990 Armed Forces ch"]
[Site "?"]
[Date "1990.??.??"]
[Round "8"]
[White "Crook, C."]
[Black "Thrasher, C."]
[Result "1-0"]
[WhiteElo "1980"]
[BlackElo "2015"]
[PlyCount "87"]
[EventDate "1990.??.??"]

1. f4 b6 2. Nc3 Bb7 3. e4 e6 4. Nf3 Ne7 5. d4 Ng6 6. Bc4 Bb4 7. d5 Qe7 8. O-O
Qc5+ 9. Qd4 Qxd4+ 10. Nxd4 Bxc3 11. bxc3 O-O 12. Ba3 Re8 13. dxe6 dxe6 14. f5
exf5 15. Nxf5 Ne5 16. Bd5 Bxd5 17. exd5 Nbd7 18. Ne3 Nf6 19. c4 Nfg4 20. Nxg4
Nxg4 21. Rf4 Nh6 22. Kf2 Rad8 23. Re1 Rxe1 24. Kxe1 Re8+ 25. Kd2 f6 26. c5 Nf7
27. Ra4 a5 28. cxb6 cxb6 29. Rd4 Ne5 30. Bd6 Nd7 31. Rc4 Ne5 32. Bxe5 Rxe5 33.
Rd4 Kf7 34. a4 Ke7 35. c4 Kd6 36. Kd3 Re1 37. Re4 Rb1 38. Rh4 Rd1+ 39. Ke2 Ra1
40. Re4 Rxa4 41. c5+ Kxd5 42. Rxa4 Kxc5 43. Kd3 b5 44. Rxa5 1-0

[Event "Air Force ch"]
[Site "?"]
[Date "1988.??.??"]
[Round "7"]
[White "Waldowski, P."]
[Black "Vitko, G."]
[Result "1-0"]
[WhiteElo "2120"]
[BlackElo "2215"]
[PlyCount "89"]
[EventDate "1988.??.??"]

1. e4 c5 2. c3 Nf6 3. e5 Nd5 4. d4 cxd4 5. Nf3 Nc6 6. Bc4 Nb6 7. Bb3 d6 8. exd6
Qxd6 9. O-O Be6 10. Bxe6 Qxe6 11. Nxd4 Nxd4 12. Qxd4 Rd8 13. Qh4 Qe2 14. Bd2 e6
15. Re1 Qb5 16. b3 Be7 17. Qg3 O-O 18. c4 Qf5 19. Bc3 f6 20. Nd2 Nd7 21. Nf3
Nc5 22. Nd4 Qh5 23. Nxe6 Nxe6 24. Rxe6 Rd1+ 25. Rxd1 Qxd1+ 26. Re1 Qd7 27. Qe3
Bd6 28. Qxa7 Qc7 29. Qe3 Bxh2+ 30. Kf1 Bd6 31. Qe6+ Kh8 32. Re3 Bc5 33. Rf3 h6
34. b4 Ba7 35. c5 Qd8 36. g3 Re8 37. Qf7 Re7 38. Qg6 Qd1+ 39. Kg2 Qd5 40. a3
Bb8 41. Qd3 Qf7 42. Re3 Rd7 43. Qe4 Be5 44. Bxe5 Re7 $2 45. Qf3 1-0

[Event "1990 Armed Forces ch"]
[Site "?"]
[Date "1990.??.??"]
[Round "2"]
[White "Teraoka, L."]
[Black "Regensgug, W."]
[Result "0-1"]
[WhiteElo "2210"]
[BlackElo "2120"]
[PlyCount "90"]
[EventDate "1990.??.??"]

1. e4 e6 2. d4 d5 3. Nc3 Bb4 4. a3 Bxc3+ 5. bxc3 dxe4 6. Qg4 Nf6 7. Qxg7 Rg8 8.
Qh6 Nbd7 9. Bb2 b6 10. O-O-O Bb7 11. Ne2 Ng4 12. Qf4 Qg5 13. Rd2 Nxf2 14. Qxc7
e3 15. Rd3 Nxd3+ 16. cxd3 Ba6 17. c4 Qd8 18. Qf4 b5 19. c5 Rc8 20. h4 b4 21.
axb4 Bxd3 22. Nc3 e2 23. Bxe2 Bxe2 24. Nxe2 Qf6 25. Qh2 Qf2 26. g3 Qxh2 27.
Rxh2 Nf6 28. Rf2 Nd5 29. Ba3 Rb8 30. Rf3 Nxb4 31. Rb3 Nc6 32. Re3 Kd7 33. Bb2
Rb7 34. Nf4 Rgb8 35. Bc3 Ne7 36. Re5 Rg8 37. Nh5 Rg6 38. g4 Nd5 39. Bd2 f6 40.
Re4 Rb8 41. g5 fxg5 42. hxg5 Rf8 43. Re5 Rf3 44. Kc2 Rh3 45. Bf4 Rxh5 0-1